Statistics for 2017 F1 Grid

Click here to take the quiz!

General Stats

  • This quiz has been taken 34 times
  • The average score is 19 of 23

Answer Stats

TeamNationalityAnswer% Correct
FerrariGermanSebastian Vettel
100%
FerrariFinnishKimi Raikkonen
97%
McLarenSpanishFernando Alonso
93%
MercedesBritishLewis Hamilton
93%
Red BullDutchMax Verstappen
93%
Force IndiaMexicanSergio Perez
93%
RenaultSpanishCarlos Sainz
90%
Toro RossoSpanishCarlos Sainz
90%
Red BullAustralianDaniel Ricciardo
90%
HaasDanishKevin Magnussen
90%
WilliamsCanadianLance Stroll
90%
RenaultGermanNico Hulkenberg
90%
Toro RossoFrenchPierre Gasly
90%
MercedesFinnishValtteri Bottas
90%
Force IndiaFrenchEsteban Ocon
87%
Toro RossoRussianDaniil Kvyat
83%
HaasFrenchRomain Grosjean
83%
WilliamsBrazilianFelipe Massa
80%
SauberSwedishMarcus Ericsson
77%
McLarenBelgianStoffel Vandoorne
63%
Toro RossoNew ZealanderBrendon Hartley
53%
RenaultBritishJolyon Palmer
40%
SauberGermanPascal Wehrlein
37%

Score Distribution

Percentile by Number Answered

Percent of People with Each Score

Your Score History

You have not taken this quiz